Musicians from Greater Manchester - Statistics

General Stats
  • This quiz has been taken 336 times
  • The average score is 5 of 16
Answer Stats
Picture Hint Answer % Correct
1991–2009 and 2024–present Oasis
93%
1958–1969, 1970–2003, 2006, 2009–2012 The Bee Gees
80%
1982-1987 The Smiths
80%
1983–1996 and 2011–2017 The Stone Roses
52%
1976–1980 Joy Division
48%
1990-present Elbow
30%
1990–present Richard Ashcroft
29%
1992–present The Chemical Brothers
25%
1976-1981 and 1989-present The Buzzcocks
21%
2013–present The Blossoms
13%
1962–present The Hollies
11%
1922-present The BBC Philharmonic
10%
1989–present Tim Burgess
8%
2010–present Bugzy Malone
7%
1976–2018 The Fall
5%
2006-present The Courteeners
2%
No matching quizzes found
Score Distribution
Percent of People with Each Score
Percentile by Number Answered
Your Score History
You have not taken this quiz